| 000 | 00390nam a22001217a 4500 | ||
|---|---|---|---|
| 008 | 230621b xxu||||| |||| 00| 0 eng d | ||
| 082 |
_a328.03 _bPCA |
||
| 100 | _cCommonWealth Parliamentary Association | ||
| 245 | _aReport of the Executive Committee 1985-1986 and report of proceedings of the General Assembly london 1986 | ||
| 260 |
_alondon _bCPA _c1986 |
||
| 300 | _a103p | ||
| 942 |
_2ddc _cBK |
||
| 999 |
_c2040 _d2040 |
||